Actualitzar el Padró et beneficia : Padró Municipal d'Habitants : 1996 [Multimèdia] Padró Municipal d'Habitants :
Descripción Física:
1 casset + 1 videocasset (VHS) + 1 trencaclosques (21 x 30 cm) ; en una capsa de 24 x 35 cm
MARC
| LEADER | 00000nam a2200000Ia 4500 | ||
|---|---|---|---|
| 001 | 18130 | ||
| 008 | 160829s1996 xx 000 0 cat d | ||
| 080 | |a FOL-3-1 | ||
| 245 | |a Actualitzar el Padró et beneficia : |b Padró Municipal d'Habitants : |b 1996 [Multimèdia] | ||
| 260 | |a Barcelona : |b Diputació de Barcelona, |c 1996 | ||
| 300 | |a 1 casset + 1 videocasset (VHS) + 1 trencaclosques (21 x 30 cm) ; |c en una capsa de 24 x 35 cm | ||
| 590 | |a Durada casset: 20 min. Durada videocasset: 30 min. | ||
| 650 | |a Censos |9 39298 | ||
| 650 | |a Barcelona (Província) |x Censos |9 43364 | ||
| 710 | 1 | |a Barcelona (Catalunya : Província). |b Diputació |9 52408 | |
| 901 | |a Arxiu | ||
| 942 | |n 1 | ||
| 952 | |0 0 |1 0 |4 0 |6 FOL31 |7 1 |9 49171 |a Arxiu |b Arxiu |d 2016-12-01 |l 0 |o FOL-3-1 |p 18130 |r 2016-12-01 00:00:00 |w 2016-12-01 |y ARXIU | ||
| 999 | |c 53011 |d 53011 | ||